000 00523nam a2200193Ia 4500
003 LK-CoDNM
005 20241205125808.0
008 010623t1963 xxu||||| |||| 00| 1 sin d
040 _aLK-CoDNM
_dLK-CoDNM
_eLK-CoDNM
041 _asin
080 _a8 C.09
_bSIR
100 _aSirisena, L.A.Wimal
245 _aගැමි සාහිත්‍ය විචාරය
246 _aGemi sahithya vicharaya
260 _bM.D.Gunasena
_aColombo
_c1963
300 _b134p. : 19 cm
650 _aLiterature
942 _cBK
999 _c106321
_d106321